<?xml version="1.0" encoding="UTF-8"?>
<record
    xmlns:xsi="http://www.w3.org/2001/XMLSchema-instance"
    xsi:schemaLocation="http://www.loc.gov/MARC21/slim http://www.loc.gov/standards/marcxml/schema/MARC21slim.xsd"
    xmlns="http://www.loc.gov/MARC21/slim">

  <leader>00607nam a22001457a 4500</leader>
  <controlfield tag="005">20240705110010.0</controlfield>
  <controlfield tag="008">240601b        |||||||| |||| 00| 0 eng d</controlfield>
  <datafield tag="041" ind1=" " ind2=" ">
    <subfield code="a">Eng.</subfield>
  </datafield>
  <datafield tag="100" ind1=" " ind2=" ">
    <subfield code="a">Tanveer Gundagi</subfield>
    <subfield code="9">206645</subfield>
  </datafield>
  <datafield tag="110" ind1=" " ind2=" ">
    <subfield code="a">Dr.Jomet George</subfield>
    <subfield code="9">206646</subfield>
  </datafield>
  <datafield tag="245" ind1=" " ind2=" ">
    <subfield code="a">To Assess The Prevalence Of Electronic Gadget Addiction And explore Its Association With Sleep Quality And Psychological Wellbeing Among Rural And Urban Adolescents Of Belagavi District ,Karnataka (Ph.D)</subfield>
  </datafield>
  <datafield tag="260" ind1=" " ind2=" ">
    <subfield code="a">Rajasthan</subfield>
    <subfield code="b">Shri Jagdishprasad Jhabarmal tibrewala university Vidyanagari,Jhunjhunu</subfield>
    <subfield code="c">2023</subfield>
  </datafield>
  <datafield tag="300" ind1=" " ind2=" ">
    <subfield code="a">Pg.266</subfield>
  </datafield>
  <datafield tag="942" ind1=" " ind2=" ">
    <subfield code="c">PH</subfield>
  </datafield>
  <datafield tag="999" ind1=" " ind2=" ">
    <subfield code="c">358047</subfield>
    <subfield code="d">358047</subfield>
  </datafield>
  <datafield tag="952" ind1=" " ind2=" ">
    <subfield code="0">0</subfield>
    <subfield code="1">0</subfield>
    <subfield code="2">ddc</subfield>
    <subfield code="4">0</subfield>
    <subfield code="7">0</subfield>
    <subfield code="a">SNCN</subfield>
    <subfield code="b">SNCN</subfield>
    <subfield code="d">2024-06-01</subfield>
    <subfield code="l">0</subfield>
    <subfield code="p">SNCN-DN-140</subfield>
    <subfield code="r">2024-06-01 00:00:00</subfield>
    <subfield code="w">2024-06-01</subfield>
    <subfield code="y">DN</subfield>
  </datafield>
</record>
